Szczegóły MARC21

Leksykon zarządzania

005 -DATA I CZAS OSTATNIEJ MODYFIKACJI [,]
    • @
    • pole kontrolne
    • 20061127085519.0
020 -Międzynarod. znormalizowany nr książki - ISBN [ , ]
    • a
    • Numer ISBN
    • 9788374051880 Find
040 -Instytucja sporządzająca opis [ , ]
    • a
    • Instytucja, która sporządziła opis (NP)
    • SZCZ U/ET
    • c
    • Instytucja, która sporządziła rekord (NP)
    • SZCZ U/ET
    • d
    • Instytucja, która zmodyfikowała rekord (P)
    • SZCZ U /RJ
041 -Język dokumentu [0, ]
    • a
    • Język tekstu (P)
    • polski
044 -Kraj miejsca wydania [ , ]
    • a
    • Kraj miejsca wydania
    • Polska
942 -Rodzaj dokumentu [ , ]
    • c
    • Rodzaj dokumentu
    • Książka
245 -Strefa tytułu i oznaczenia odpowiedzialności [0,0]
    • a
    • Tytuł
    • Leksykon zarządzania Find
    • c
    • Pozostałe elementy strefy tytułu i oznaczenia odpowiedzialności (NP)
    • pod red. Artura Olczaka, Izabeli Kołodziejczyk-Olczak
260 -Strefa adresu wydawniczego [ , ]
    • a
    • Miejsce wydania (P)
    • Łódż
    • b
    • Nazwa wydawcy (P)
    • Wydaw. Wyższej Szkoły Humanistyczno-Ekonomicznej
    • c
    • Data wydania (P)
    • 2005
300 -Strefa opisu fizycznego [ , ]
    • a
    • Określenie formy książki i/lub objętość (NP)
    • 259 s.
    • b
    • Oznaczenie ilustracji (NP)
    • il., wykr.
    • c
    • Format (NP)
    • 21 cm.
500 -Uwaga ogólna [ , ]
    • a
    • Uwaga ogólna (NP)
    • Bibliogr. Ind.
080 -Uniwersalna Klasyfikacja Dziesiętna [ , ]
    • 2
    • Identyfikator wydania tablic
    • UDC-P022
    • a
    • Symbol klasyfikacji
    • 65.012.4
    • b
    • Dopowiedzenie
    • Kierownictwo. Technika i metodyka kierowania . Informacja wewnątrzzakładowa. Droga służbowa. Kontrola kierownictwa.
980 -Symbol UKD [ , ]
    • a
    • UKD
    • 65.012.4
700 -Hasło dodatkowe - nazwa osobowa [1, ]
    • a
    • Nazwa osobowa (NP)
    • Olczak, Artur. Find
    • e
    • Określenie rodzaju współpracy
    • Red.
    • 9
    • KHW
    • 478099
700 -Hasło dodatkowe - nazwa osobowa [1, ]
    • a
    • Nazwa osobowa (NP)
    • Kołodziejczyk-Olczak, Izabela. Find
    • e
    • Określenie rodzaju współpracy
    • Red.
920 -ISBN [ , ]
    • a
    • ISBN
    • 83-7405-188-4 Find
920 -ISBN [ , ]
    • a
    • ISBN
    • 9788374051880 Find
Numer inwentarzowy Status udost. Data inwentaryzacji Lokalizacja
T.9228-22006-11-08T